INSTALLATION MAINTENANCE AND REPAIR OF ELECTRICAL MACIENCES AND EQUIPMENTS (Record no. 5689)

MARC details
000 -LEADER
fixed length control field 00406nam a22001457a 4500
005 - DATE AND TIME OF LATEST TRANSACTION
control field 20180508140637.0
008 - FIXED-LENGTH DATA ELEMENTS--GENERAL INFORMATION
fixed length control field 180508b xxu||||| |||| 00| 0 eng d
020 ## - INTERNATIONAL STANDARD BOOK NUMBER
ISBN 978-93-5014-546-3
041 ## - LANGUAGE CODE
Language code of text/sound track or separate title eng
100 ## - MAIN ENTRY--AUTHOR NAME
Personal name GUPTA, MADHVI
245 ## - TITLE STATEMENT
Title INSTALLATION MAINTENANCE AND REPAIR OF ELECTRICAL MACIENCES AND EQUIPMENTS
260 ## - PUBLICATION, DISTRIBUTION, ETC. (IMPRINT)
Place of publication NEW DELHI
Name of publisher S.K. KATARIA AND SONS
300 ## - PHYSICAL DESCRIPTION
Number of Pages 498p,
942 ## - ADDED ENTRY ELEMENTS (KOHA)
Koha item type Books
Holdings
Lost status Damaged status Collection code Home library Current library Shelving location Date acquired Source of acquisition Cost, normal purchase price Accession Number Koha item type
    Reference JRU Library   SHELF-72-E 08/05/2018 PURCHESS 325.00 22336 Books